Miasta Świata po Przydomkach - Statystyki

Ogólne statystyki
  • Ten quiz został rozwiązany 52 razy
  • Średni wynik to 10 z 25
Statystyki odpowiedzi
Przydomek Miasto % Poprawnych
Miasto Aniołów Los Angeles
87%
Wieczne Miasto Rzym
87%
Big Apple (Duże Jabłko) Nowy Jork
79%
Miasto Kanałów Wenecja
74%
Miasto Grzechu Las Vegas
67%
Miasto Trzech Religii Jerozolima
64%
Zakazane Miasto Pekin
64%
Miasto Dwóch Kontynentów Stambuł
62%
Miasto Boga Rio de Janeiro
59%
Miasto Carów Petersburg
56%
Ojczyzna Demokracji Ateny
51%
Miasto Świateł Paryż
46%
Wietrzne Miasto Chicago
44%
Paryż Ameryki Południowej Buenos Aires
38%
Wenecja Północy Sztokholm
33%
Paryż Europy Wschodniej Bukareszt
23%
Miasto Tysiąca Minaretów Kair
23%
Miasto Braterskiej Miłości Filadelfia
21%
Billionaires' Playground (Plac Zabaw Miliarderów) Monako
21%
Miasto Dobrej Nadziei Kapsztad
15%
Paryż Bliskiego Wschodu Bejrut
8%
Polski Wersal Białystok
5%
Big Durian (Duży Durian) Dżakarta
3%
Big Pineapple (Duży Ananas) Honolulu
3%
America's Finest City San Diego
3%
Nie znaleziono quizów pasujących do podanych kryteriów
Rozkład punktacji
Procent ludzi z każdym wynikiem
Percentyl według liczby udzielonych odpowiedzi
Twoja historia wyników
Nie rozwiązałeś tego quizu